Probability and statistics in experimental physics / (Record no. 9689)

MARC details
000 -LEADER
fixed length control field 01322cam a2200325 a 4500
001 - CONTROL NUMBER
control field 12171109
003 - CONTROL NUMBER IDENTIFIER
control field OSt
005 - DATE AND TIME OF LATEST TRANSACTION
control field 20211005155651.0
008 - FIXED-LENGTH DATA ELEMENTS--GENERAL INFORMATION
fixed length control field 000912s2001 nyua b 001 0 eng
010 ## - LIBRARY OF CONGRESS CONTROL NUMBER
LC control number 00047098
020 ## - INTERNATIONAL STANDARD BOOK NUMBER
International Standard Book Number 0387951636 (alk. paper)
040 ## - CATALOGING SOURCE
Transcribing agency HU
050 00 - LIBRARY OF CONGRESS CALL NUMBER
Classification number QC33
Item number .R59 2001
082 00 - DEWEY DECIMAL CLASSIFICATION NUMBER
Classification number 530/.078
Edition number 2ND
100 1# - MAIN ENTRY--PERSONAL NAME
Personal name Roe, Byron P.
9 (RLIN) 10441
245 10 - TITLE STATEMENT
Title Probability and statistics in experimental physics /
Statement of responsibility, etc. Byron P. Roe.
250 ## - EDITION STATEMENT
Edition statement 2nd ed.
260 ## - PUBLICATION, DISTRIBUTION, ETC.
Place of publication, distribution, etc. New York :
Name of publisher, distributor, etc. Springer,
Date of publication, distribution, etc. c2001.
300 ## - PHYSICAL DESCRIPTION
Extent xi, 252 p. :
Other physical details ill. ;
Dimensions 25 cm.
440 #0 - SERIES STATEMENT/ADDED ENTRY--TITLE
Title Undergraduate texts in contemporary physics
9 (RLIN) 10442
504 ## - BIBLIOGRAPHY, ETC. NOTE
Bibliography, etc. note Includes bibliographical references (p. [243]-246) and index.
650 #0 - SUBJECT ADDED ENTRY--TOPICAL TERM
Topical term or geographic name entry element Physics
General subdivision Experiments
-- Technique.
9 (RLIN) 10443
650 #0 - SUBJECT ADDED ENTRY--TOPICAL TERM
Topical term or geographic name entry element Statistical physics.
9 (RLIN) 10444
650 #0 - SUBJECT ADDED ENTRY--TOPICAL TERM
Topical term or geographic name entry element Probabilities.
9 (RLIN) 2312
856 42 - ELECTRONIC LOCATION AND ACCESS
Materials specified Publisher description
Uniform Resource Identifier <a href="http://www.loc.gov/catdir/enhancements/fy0816/00047098-d.html">http://www.loc.gov/catdir/enhancements/fy0816/00047098-d.html</a>
856 41 - ELECTRONIC LOCATION AND ACCESS
Materials specified Table of contents only
Uniform Resource Identifier <a href="http://www.loc.gov/catdir/enhancements/fy0816/00047098-t.html">http://www.loc.gov/catdir/enhancements/fy0816/00047098-t.html</a>
906 ## - LOCAL DATA ELEMENT F, LDF (RLIN)
a 7
b cbc
c orignew
d 1
e ocip
f 20
g y-gencatlg
942 ## - ADDED ENTRY ELEMENTS (KOHA)
Source of classification or shelving scheme Dewey Decimal Classification
Koha item type Books like text book referance book
Suppress in OPAC No
Holdings
Withdrawn status Lost status Source of classification or shelving scheme Damaged status Not for loan Home library Current library Shelving location Date acquired Total Checkouts Full call number Barcode Date last seen Copy number Price effective from Koha item type
    Dewey Decimal Classification     Natural & Computational Science Library Natural & Computational Science Library General Stacks 10/05/2021   530.078/ROE NSCLIB000017404 10/05/2021 1 10/05/2021 Books like text book referance book